[Event "1. OEsterreichische Internet Schach Meisterschaft - Vorrunde 1"]
[Site "Online - Playchess.com"]
[Date ""]
[Round "1"]
[Board "24"]
[White "Vojic, Isak"]
[Black "Bauer, Sebastian"]
[Result "0-1"]
[WhiteElo "1586"]
[BlackElo "2237"]
[PlyCount "98"]
[EventDate "2020.04.11"]
[EventRounds "9"]
[EventCountry "AUT"]

1. e4 e5 2. Nf3 Nc6 3. Bc4 Bc5 4. c3 Nf6 5. d3 d6 6. O-O O-O 7. h3 a6 8. Bb3 h6
9. Re1 Ba7 10. Nbd2 Nh5 11. Nf1 Qf6 12. Qe2 Nf4 13. Bxf4 Qxf4 14. Ng3 Qxg3 15.
d4 Qf4 16. d5 Ne7 17. Rad1 Ng6 18. Bc2 Bd7 19. b3 a5 20. Qd2 Qxd2 21. Rxd2 f5
22. c4 fxe4 23. Bxe4 Bf5 24. Bxf5 Rxf5 25. Rde2 Nf4 26. Rd2 Nxh3+ 27. gxh3 Rxf3
28. Kg2 Raf8 29. Ree2 R3f4 30. Rc2 Bc5 31. Kh2 Ra8 32. a4 Raf8 33. Kg2 Rf3 34.
Rb2 Bd4 35. Rb1 Rxf2+ 36. Rxf2 Rxf2+ 37. Kg3 Rf4 38. Kg2 b6 39. Rf1 Rxf1 40.
Kxf1 Kf7 41. Ke2 Kf6 42. Kf3 Kf5 43. h4 e4+ 44. Ke2 Kf4 45. h5 Kg5 46. b4 axb4
47. a5 bxa5 48. Kd2 Kxh5 49. Ke1 Kg4 {Isi10 gibt auf}  0-1

[Event "1. OEsterreichische Internet Schach Meisterschaft - Vorrunde 1"]
[Site "Online - Playchess.com"]
[Date ""]
[Round "1"]
[Board "25"]
[White "Galler, Alexander"]
[Black "Fuchs, Georg"]
[Result "0-1"]
[WhiteElo "1772"]
[BlackElo "2234"]
[PlyCount "76"]
[EventDate "2020.04.11"]
[EventRounds "9"]
[EventCountry "AUT"]

1. e4 e5 2. Nf3 Nf6 3. Nxe5 d6 4. Nf3 Nxe4 5. Nc3 Nf6 6. Be2 Be7 7. O-O O-O 8.
d4 d5 9. Ne5 Bf5 10. Bg5 c6 11. h3 h6 12. Bh4 Nbd7 13. f4 Ne4 14. Bxe7 Qxe7 15.
Nxe4 dxe4 16. Bc4 Rad8 17. Kh1 Nb6 18. Bb3 c5 19. c3 cxd4 20. cxd4 Qb4 21. a3
Qxd4 22. Qxd4 Rxd4 23. Rad1 Rxd1 24. Rxd1 Be6 25. Bc2 f5 26. Rd6 Re8 27. b3 Nd5
28. g3 Ne3 29. Bd1 Nxd1 30. Rxd1 Bxb3 31. Rd7 e3 32. Kg1 Rc8 33. Rd3 Rc1+ 34.
Kg2 e2 35. Kf2 e1=Q+ 36. Kf3 Qe4+ 37. Kf2 Rc2+ 38. Kg1 Qe1#  0-1

[Event "1. OEsterreichische Internet Schach Meisterschaft - Vorrunde 1"]
[Site "Online - Playchess.com"]
[Date ""]
[Round "1"]
[Board "26"]
[White "Balint, Peter"]
[Black "Meier, Alexander"]
[Result "0-1"]
[WhiteElo "2105"]
[BlackElo "2226"]
[PlyCount "53"]
[EventDate "2020.04.11"]
[EventRounds "9"]
[EventCountry "AUT"]

1. e4 c5 2. Nf3 Nc6 3. d4 cxd4 4. Nxd4 g6 5. Nc3 Bg7 6. Be3 Nf6 7. f3 O-O 8.
Qd2 d5 9. exd5 Nxd5 10. Nxd5 Qxd5 11. Nxc6 Qxc6 12. c3 Bf5 13. Be2 Rad8 14. Qc1
Bd3 15. Bxd3 Rxd3 16. O-O Rfd8 17. Bf4 b5 18. Qc2 Qc4 19. Bg3 Rd2 20. Qb3 Qxb3
21. axb3 Rxb2 22. Rxa7 Bxc3 23. Rxe7 Rdd2 24. Bf2 Rxf2 25. Rxf2 Bd4 26. Re8+
Kg7 27. h3  0-1

[Event "1. OEsterreichische Internet Schach Meisterschaft - Vorrunde 1"]
[Site "Online - Playchess.com"]
[Date ""]
[Round "1"]
[Board "27"]
[White "Schernthaner, David"]
[Black "Reyhani, Adel"]
[Result "1/2-1/2"]
[WhiteElo "2220"]
[BlackElo "1918"]
[PlyCount "172"]
[EventDate "2020.04.11"]
[EventRounds "9"]
[EventCountry "AUT"]

1. e4 c5 2. Nf3 d6 3. Bb5+ Nd7 4. c3 Ngf6 5. Bd3 g6 6. Bc2 Bg7 7. d4 O-O 8. O-O
Rb8 9. Re1 Qc7 10. h3 b5 11. Bf4 e5 12. dxe5 dxe5 13. Bg3 Re8 14. Nbd2 h6 15.
Nf1 c4 16. N3h2 Nh5 17. Ng4 Nc5 18. Qe2 Bb7 19. Rad1 Nxg3 20. Nxg3 Rbd8 21. Qe3
Kh7 22. Nh2 a6 23. Nhf1 Ne6 24. Qa7 Rxd1 25. Rxd1 Ra8 26. Qe3 Rd8 27. Rxd8 Qxd8
28. Ne2 Bf8 29. Qg3 Bg7 30. Qe3 Qd6 31. a4 Nc5 32. axb5 axb5 33. Qd2 Qxd2 34.
Nxd2 h5 35. f3 Bh6 36. Nb1 Be3+ 37. Kf1 Kg7 38. Na3 Bc6 39. g3 Nd3 40. b3 Nb2
41. bxc4 bxc4 42. Ke1 Bc5 43. Nb1 Ba4 44. Bxa4 Nxa4 45. Nd2 Nb2 46. Nc1 f5 47.
Na2 Nd3+ 48. Ke2 Nb2 49. Nc1 Kf6 50. Nb1 Na4 51. Na2 Ke6 52. Nd2 Nb2 53. f4
exf4 54. gxf4 fxe4 55. Nxe4 Be7 56. Kf3 Kf5 57. Ng3+ Ke6 58. Ne4 Kd5 59. Nc1
Bf6 60. Ne2 Bg7 61. Ng5 Nd1 62. Ne4 Bf8 63. N4g3 Bg7 64. f5 gxf5 65. Nxf5 Bxc3
66. Nxc3+ Nxc3 67. Ne3+ Kd4 68. Nxc4 Kxc4 69. Kf4 Nd5+ 70. Kg5 Kd4 71. Kxh5 Ke5
72. Kg6 Ke6 73. h4 Ke7 74. h5 Kf8 75. h6 Kg8 76. h7+ Kh8 77. Kf5 Nc7 78. Kf6
Na6 79. Ke6 Nb8 80. Kd6 Na6 81. Kc6 Nb4+ 82. Kc5 Nd3+ 83. Kd4 Nf4 84. Ke4 Ng6
85. Kf5 Nf8 86. Kf6 Nxh7+  1/2-1/2

[Event "1. OEsterreichische Internet Schach Meisterschaft - Vorrunde 1"]
[Site "Online - Playchess.com"]
[Date ""]
[Round "1"]
[Board "28"]
[White "Mostbauer, Maximilian"]
[Black "Flir, Emilio"]
[Result "1-0"]
[WhiteElo "2217"]
[BlackElo "1843"]
[PlyCount "77"]
[EventDate "2020.04.11"]
[EventRounds "9"]
[EventCountry "AUT"]

1. d4 d5 2. Nf3 Nf6 3. g3 e6 4. Bg2 c5 5. O-O Nc6 6. b3 Bd6 7. dxc5 Bxc5 8. Bb2
O-O 9. Nbd2 b6 10. c4 Bb7 11. a3 a5 12. Ne5 Rc8 13. Nxc6 Bxc6 14. e3 Be7 15.
Rc1 Qd7 16. Nf3 dxc4 17. Rxc4 Bb5 18. Rd4 Qc7 19. Re1 Rfd8 20. Qa1 Rxd4 21.
Nxd4 Ba6 22. Rc1 Qd7 23. Nc6 Bb7 24. Nxe7+ Qxe7 25. Bxb7 Rxc1+ 26. Qxc1 Qxb7
27. Bd4 Nd5 28. Qb2 g6 29. e4 Ne7 30. Bh8 Kf8 31. Qd4 Nc6 32. Qd6+ Kg8 33. Bf6
h5 34. h3 b5 35. b4 axb4 36. axb4 Kh7 37. g4 hxg4 38. hxg4 Kg8 39. Qh2 {
AntiGM gibt auf}  1-0

[Event "1. OEsterreichische Internet Schach Meisterschaft - Vorrunde 1"]
[Site "Online - Playchess.com"]
[Date ""]
[Round "1"]
[Board "29"]
[White "Thummer, Philipp"]
[Black "Hofmann, Thomas"]
[Result "0-1"]
[WhiteElo "1207"]
[BlackElo "2215"]
[PlyCount "68"]
[EventDate "2020.04.11"]
[EventRounds "9"]
[EventCountry "AUT"]

1. e4 c5 2. g3 Nf6 3. Bg2 Nc6 4. c3 d6 5. d3 e6 6. Ne2 g6 7. f4 Bg7 8. O-O O-O
9. Be3 Bd7 10. Nd2 b6 11. Nc4 Qc7 12. a4 a6 13. Nd2 Ng4 14. Bf2 Nxf2 15. Rxf2
b5 16. Qc2 b4 17. Raf1 Rab8 18. g4 f5 19. g5 Ne7 20. b3 bxc3 21. Nxc3 Bc6 22.
Nc4 Bd4 23. Kh1 Bxf2 24. Rxf2 Nc8 25. Nd2 Nb6 26. Nf3 Nd7 27. Ne2 Qb7 28. Nc1
fxe4 29. Nh4 e3 30. Re2 Bxg2+ 31. Nxg2 Nb6 32. Rxe3 Qf7 33. Qe2 Rbe8 34. Re4
Nd5 {Zeit}  0-1

[Event "1. OEsterreichische Internet Schach Meisterschaft - Vorrunde 1"]
[Site "Online - Playchess.com"]
[Date ""]
[Round "1"]
[Board "30"]
[White "Rosol, Philip"]
[Black "Frank, Paul"]
[Result "0-1"]
[WhiteElo "1468"]
[BlackElo "2210"]
[PlyCount "120"]
[EventDate "2020.04.11"]
[EventRounds "9"]
[EventCountry "AUT"]

1. e4 c5 2. Nf3 Nc6 3. d4 cxd4 4. Nxd4 g6 5. Nc3 Bg7 6. Be3 Nf6 7. Nxc6 bxc6 8.
Bd3 O-O 9. O-O e5 10. f3 d5 11. exd5 cxd5 12. Bc5 Re8 13. Bb5 Bd7 14. Bxd7 Qxd7
15. Qd2 d4 16. Ne2 Rac8 17. Ba3 Nd5 18. f4 Ne3 19. Rf3 Rxc2 20. Qe1 e4 21. Rh3
d3 22. Rxe3 dxe2 23. Rxe2 Rxe2 24. Qxe2 Qd4+ 25. Kh1 e3 26. Rd1 Qxf4 27. Rf1
Qe4 28. h3 h5 29. Rf3 Bd4 30. Rf1 Rc8 31. Qf3 Qxf3 32. gxf3 e2 33. Re1 Rc2 34.
Kg2 Bxb2 35. Be7 Bc3 36. Kf2 Bxe1+ 37. Kxe1 Rxa2 38. Bd6 f5 39. f4 Kf7 40. h4
Ke6 41. Be5 Kd5 42. Bc3 Ke4 43. Be5 Kd3 44. Bc7 Rd2 45. Kf2 Rd1 46. Ba5 Rf1+
47. Kg2 Rxf4 48. Kg3 Rg4+ 49. Kh3 Re4 50. Be1 Kc2 51. Bf2 Kd1 52. Bg3 a5 53.
Kg2 a4 54. Bf2 a3 55. Bg3 a2 56. Bf2 a1=Q 57. Bg3 Qb2 58. Bf2 Qc2 59. Bg3 e1=Q+
60. Kh3 Qh1+ {Philip2010 gibt auf}  0-1

[Event "1. OEsterreichische Internet Schach Meisterschaft - Vorrunde 1"]
[Site "Online - Playchess.com"]
[Date ""]
[Round "1"]
[Board "31"]
[White "Doujak, Gabriel Andreas"]
[Black "Ragger, Anna-Christina"]
[Result "1-0"]
[WhiteElo "1980"]
[BlackElo "2204"]
[PlyCount "81"]
[EventDate "2020.04.11"]
[EventRounds "9"]
[EventCountry "AUT"]

1. e4 c6 2. d4 d5 3. Nc3 dxe4 4. Nxe4 Nf6 5. Nxf6+ exf6 6. c3 Bd6 7. Bd3 O-O 8.
Ne2 Re8 9. O-O Nd7 10. Qc2 Nf8 11. Be3 Bg4 12. Rfe1 Bh5 13. Ng3 Bg6 14. Bd2 Qc7
15. Rxe8 Rxe8 16. Re1 Rxe1+ 17. Bxe1 Qe7 18. Bd2 Ne6 19. Bxg6 hxg6 20. Qe4 a5
21. Ne2 Qc7 22. h3 a4 23. d5 cxd5 24. Qxd5 Qb6 25. Nd4 Nxd4 26. Qxd4 Bc5 27.
Qxa4 Bxf2+ 28. Kh2 Qxb2 29. Qf4 Bc5 30. Be3 Qxc3 31. Bxc5 Qxc5 32. Qb8+ Kh7 33.
Qxb7 Qe5+ 34. Kh1 Qa1+ 35. Kh2 Qxa2 36. Qf3 Qd2 37. Qg3 Qd4 38. Qf3 f5 39. Qg3
f6 40. Qh4+ Kg8 41. Qxd4 {Tiiinchen gibt auf}  1-0

[Event "1. OEsterreichische Internet Schach Meisterschaft - Vorrunde 1"]
[Site "Online - Playchess.com"]
[Date ""]
[Round "1"]
[Board "32"]
[White "Lerch, Johannes"]
[Black "Schein, Karl-Heinz"]
[Result "1/2-1/2"]
[WhiteElo "2005"]
[BlackElo "2187"]
[PlyCount "89"]
[EventDate "2020.04.11"]
[EventRounds "9"]
[EventCountry "AUT"]

1. e4 c5 2. Nc3 Nc6 3. g3 g6 4. Bg2 Bg7 5. d3 e6 6. Be3 d6 7. Qd2 Nd4 8. Nge2
Ne7 9. O-O-O Rb8 10. h4 h5 11. Nb1 Bd7 12. c3 Nxe2+ 13. Qxe2 b5 14. d4 Qa5 15.
b3 cxd4 16. Bxd4 e5 17. Be3 O-O 18. Rxd6 Be6 19. Rhd1 Rfc8 20. Bg5 Nc6 21. Qb2
Nd4 22. Be3 Qc7 23. Bxd4 exd4 24. R6xd4 Bxd4 25. Rxd4 Rd8 26. Rxd8+ Rxd8 27.
Nd2 Qd6 28. Qc2 Qd3 29. Qxd3 Rxd3 30. Kc2 Rd8 31. Nf3 a5 32. Nd4 Bd7 33. Bf3
Kg7 34. Be2 Re8 35. f3 b4 36. c4 f5 37. exf5 Bxf5+ 38. Nxf5+ gxf5 39. Kd3 Kf6
40. f4 Rd8+ 41. Ke3 Kg6 42. Bd3 Kf6 43. Be2 Rg8 44. Kf3 Rd8 45. Ke3  1/2-1/2

[Event "1. OEsterreichische Internet Schach Meisterschaft - Vorrunde 1"]
[Site "Online - Playchess.com"]
[Date ""]
[Round "1"]
[Board "33"]
[White "Schroettner, Tobias Julian"]
[Black "Ofner, Maximilian"]
[Result "0-1"]
[WhiteElo "1503"]
[BlackElo "2177"]
[PlyCount "146"]
[EventDate "2020.04.11"]
[EventRounds "9"]
[EventCountry "AUT"]

1. e4 c6 2. d4 d5 3. exd5 cxd5 4. c4 Nf6 5. Nc3 Nc6 6. Nf3 g6 7. Bg5 Be6 8.
Bxf6 exf6 9. c5 Bg7 10. Be2 O-O 11. O-O b6 12. Bb5 Qc7 13. cxb6 axb6 14. h3
Rac8 15. Rc1 Qf4 16. Ne2 Qd6 17. Qd2 Nb4 18. a3 Nc6 19. Ba6 Rc7 20. Bb5 Na7 21.
Rxc7 Qxc7 22. Rc1 Qb7 23. Bd3 Rc8 24. Rxc8+ Qxc8 25. Qc2 Qb7 26. b4 h5 27. Nf4
Bd7 28. Qb3 Nc8 29. Qxd5 Qc7 30. Ne2 Be6 31. Qb5 Nd6 32. Qa4 Bh6 33. Qc2 Qb7
34. Ng3 Bd5 35. Bxg6 fxg6 36. Qxg6+ Qg7 37. Qxg7+ Kxg7 38. Nxh5+ Kg6 39. Ng3
Bxf3 40. gxf3 Bc1 41. a4 Bd2 42. b5 Nc4 43. Ne4 Bb4 44. d5 Nd6 45. Nxd6 Bxd6
46. Kf1 Kf5 47. Ke2 Ke5 48. h4 Kxd5 49. h5 Kc4 50. h6 f5 51. f4 Be7 52. h7 Bf6
53. f3 Kb4 54. Kd3 Kxa4 55. Kc4 Bh8 56. Kd5 Kxb5 57. Ke6 Kc5 58. Kxf5 b5 59.
Kg6 b4 60. f5 b3 61. f6 b2 62. f4 b1=Q+ 63. f5 Qb8 64. f7 Qf8 65. f6 Kd6 66.
Kf5 Qxf7 67. Kg5 Qxf6+ 68. Kg4 Ke5 69. Kg3 Qf4+ 70. Kg2 Ke4 71. Kg1 Qd2 72. Kf1
Kf3 73. Kg1 Qg2#  0-1

[Event "1. OEsterreichische Internet Schach Meisterschaft - Vorrunde 1"]
[Site "Online - Playchess.com"]
[Date ""]
[Round "1"]
[Board "34"]
[White "Novkovic, Julia"]
[Black "Wiedermann, Daniel"]
[Result "1/2-1/2"]
[WhiteElo "2170"]
[BlackElo "2048"]
[PlyCount "146"]
[EventDate "2020.04.11"]
[EventRounds "9"]
[EventCountry "AUT"]

1. e4 c6 2. d4 d5 3. exd5 cxd5 4. Bd3 Nc6 5. c3 g6 6. Bf4 Bg7 7. Nd2 Nf6 8. h3
O-O 9. Ne2 Qb6 10. Qb3 Qxb3 11. axb3 Bf5 12. Bxf5 gxf5 13. f3 a6 14. Kf2 e6 15.
g4 fxg4 16. hxg4 Ne7 17. Bd6 Rfe8 18. Nf1 Rad8 19. Bg3 Ng6 20. g5 Nd7 21. f4
Ne7 22. Ne3 f6 23. Bh4 Rf8 24. Rag1 Ng6 25. Ke1 Nxh4 26. Rxh4 fxg5 27. Rxg5 Kh8
28. Ng4 Nf6 29. Ne5 Ne4 30. Ng6+ Kg8 31. Nxf8 Nxg5 32. fxg5 Rxf8 33. b4 e5 34.
dxe5 Bxe5 35. Kd2 Rf5 36. Rg4 Kf7 37. Rh4 Kg6 38. Rh6+ Kg7 39. Re6 Rxg5 40.
Re7+ Kg6 41. Rxb7 h5 42. Rb6+ Kf5 43. Rxa6 Bf6 44. Ra1 h4 45. Rf1+ Kg6 46. Nf4+
Kh6 47. Nh3 Rg2+ 48. Kd1 Be5 49. Nf4 Rxb2 50. Nd3 Rb1+ 51. Ke2 Rxf1 52. Kxf1
Bxc3 53. b5 Bd4 54. Kg2 Kg5 55. Kf3 Kf5 56. Nf4 Ke5 57. Nd3+ Kd6 58. Kg4 Bf6
59. Kh3 Bd8 60. Kg4 d4 61. Kf5 Kd5 62. Kf4 Kc4 63. Nf2 Kxb5 64. Ke4 Kc4 65. Nd3
Kc3 66. Nf4 Bg5 67. Ne2+ Kc4 68. Nxd4 h3 69. Nf3 Bf6 70. Kf5 Bc3 71. Kg4 Kd3
72. Kxh3 Ke3 73. Nh4 Kf4  1/2-1/2

[Event "1. OEsterreichische Internet Schach Meisterschaft - Vorrunde 1"]
[Site "Online - Playchess.com"]
[Date ""]
[Round "1"]
[Board "35"]
[White "Doskocil, Klaus"]
[Black "Gschiel, Alexander"]
[Result "1-0"]
[WhiteElo "2157"]
[BlackElo "1908"]
[PlyCount "57"]
[EventDate "2020.04.11"]
[EventRounds "9"]
[EventCountry "AUT"]

1. e4 c5 2. Nc3 d6 3. g3 g6 4. Bg2 Bg7 5. f4 Nc6 6. Nf3 Bg4 7. h3 Bxf3 8. Bxf3
e6 9. O-O Nge7 10. d3 O-O 11. Be3 Nd4 12. Bg2 Nec6 13. Qd2 b5 14. Nd1 e5 15. f5
Rb8 16. c3 gxf5 17. cxd4 cxd4 18. Bg5 f6 19. Bh6 fxe4 20. Bxe4 d5 21. Bf5 Ne7
22. Be6+ Kh8 23. Rc1 Qd6 24. Bg4 f5 25. Bxg7+ Kxg7 26. Qg5+ Kh8 27. Bxf5 Rg8
28. Qh4 e4 29. Qxh7#  1-0

[Event "1. OEsterreichische Internet Schach Meisterschaft - Vorrunde 1"]
[Site "Online - Playchess.com"]
[Date ""]
[Round "1"]
[Board "36"]
[White "Kondrak, Christoph"]
[Black "Nolz, Tom"]
[Result "0-1"]
[WhiteElo "2033"]
[BlackElo "2157"]
[PlyCount "54"]
[EventDate "2020.04.11"]
[EventRounds "9"]
[EventCountry "AUT"]

1. d4 Nf6 2. Nf3 g6 3. c4 Bg7 4. Nc3 c5 5. dxc5 Na6 6. e3 O-O 7. Be2 Nxc5 8.
O-O d6 9. a3 Bd7 10. Qc2 Bc6 11. b4 Nce4 12. Bb2 Nxc3 13. Bxc3 Be4 14. Qb2 Rc8
15. Nd4 d5 16. c5 b6 17. cxb6 Qxb6 18. Rfd1 Nd7 19. f3 Bf5 20. Rac1 e5 21. Nxf5
gxf5 22. Kh1 Qxe3 23. Rxd5 e4 24. Rxd7 Rxc3 25. Rxc3 Bxc3 26. Qc2 Bd4 27. Qd1
Rc8 {Zeit}  0-1

[Event "1. OEsterreichische Internet Schach Meisterschaft - Vorrunde 1"]
[Site "Online - Playchess.com"]
[Date ""]
[Round "1"]
[Board "37"]
[White "Waldner, Alois"]
[Black "Trippold, Denise"]
[Result "0-1"]
[WhiteElo "2018"]
[BlackElo "2150"]
[PlyCount "68"]
[EventDate "2020.04.11"]
[EventRounds "9"]
[EventCountry "AUT"]

1. e4 e6 2. Nf3 d5 3. e5 c5 4. b4 cxb4 5. a3 Nc6 6. axb4 Bxb4 7. c3 Be7 8. d4
f6 9. Bd3 Qc7 10. O-O Nh6 11. Bxh6 gxh6 12. Re1 fxe5 13. Nxe5 Nxe5 14. dxe5 O-O
15. Ra4 Kh8 16. Qh5 Bc5 17. Rf1 Bd7 18. Rg4 Qd8 19. Qxh6 Qe7 20. Nd2 Rg8 21.
Rh4 Rg7 22. Nf3 a5 23. Ra1 a4 24. Rh5 Be8 25. Rg5 a3 26. h4 a2 27. c4 Bb4 28.
cxd5 exd5 29. Rxg7 Qxg7 30. Qc1 Bg6 31. Qb2 Bxd3 32. Qxb4 Be4 33. Qc3 Bxf3 34.
Qxf3 Qxe5 {Zeit}  0-1

[Event "1. OEsterreichische Internet Schach Meisterschaft - Vorrunde 1"]
[Site "Online - Playchess.com"]
[Date ""]
[Round "1"]
[Board "39"]
[White "Kwech, Martin"]
[Black "Froewis, Annika"]
[Result "1/2-1/2"]
[WhiteElo "1105"]
[BlackElo "2136"]
[PlyCount "83"]
[EventDate "2020.04.11"]
[EventRounds "9"]
[EventCountry "AUT"]

1. e4 e5 2. Nf3 Nc6 3. Bc4 Bc5 4. c3 Nf6 5. d4 exd4 6. cxd4 Bb4+ 7. Nc3 Nxe4 8.
O-O Bxc3 9. d5 Bf6 10. Re1 Ne7 11. Rxe4 d6 12. Bg5 Bxg5 13. Nxg5 h6 14. Qe2
hxg5 15. Re1 Be6 16. dxe6 f6 17. Re3 c6 18. Rh3 Rxh3 19. gxh3 Qa5 20. Qh5+ Kd8
21. Qe2 Kc7 22. a3 Rh8 23. Qe3 Rxh3 24. Qc1 Rh4 25. Bf1 Qd5 26. Bg2 Rg4 27. f3
Qxf3 28. Qd2 Qb3 29. Rd1 Qxe6 30. Re1 Qf7 31. Qe2 Nd5 32. Qxg4 Nf4 33. Qf3 Kd8
34. Rd1 d5 35. Re1 Qg6 36. Qe3 Kc7 37. Qe7+ Kb6 38. Qb4+ Ka6 39. Qa4+ Kb6 40.
Qb4+ Kc7 41. Qe7+ Kb6 42. Qb4+  1/2-1/2

[Event "1. OEsterreichische Internet Schach Meisterschaft - Vorrunde 1"]
[Site "Online - Playchess.com"]
[Date ""]
[Round "1"]
[Board "40"]
[White "Kranz, Armin"]
[Black "Kwech, Andreas"]
[Result "0-1"]
[WhiteElo "2119"]
[BlackElo "1901"]
[PlyCount "166"]
[EventDate "2020.04.11"]
[EventRounds "9"]
[EventCountry "AUT"]

1. d4 Nf6 2. Nf3 g6 3. c4 Bg7 4. Nc3 O-O 5. Bg5 d6 6. e3 c6 7. Be2 Bg4 8. Qc2
Qa5 9. O-O Bxf3 10. Bxf6 Bxe2 11. Bxg7 Bxf1 12. Bxf8 Kxf8 13. Rxf1 Nd7 14. b3
Nf6 15. h3 Qh5 16. Qe2 Qxe2 17. Nxe2 Rd8 18. f3 e5 19. Kf2 Kg7 20. Rd1 e4 21.
f4 Kf8 22. g4 Ke7 23. Ng3 d5 24. g5 Nd7 25. cxd5 c5 26. Nxe4 cxd4 27. d6+ Ke6
28. Rxd4 b6 29. b4 f5 30. Nc3 Nb8 31. Nb5 a6 32. Nc7+ Kd7 33. Nd5 Nc6 34. Rd2
Ke6 35. Nxb6 Rxd6 36. Rxd6+ Kxd6 37. a3 Na7 38. Nc4+ Kd5 39. Nd2 Nb5 40. a4 Nc3
41. a5 Na2 42. b5 axb5 43. a6 Kc6 44. Nb3 Kb6 45. a7 Kxa7 46. h4 Kb6 47. e4 Nc3
48. e5 Kc6 49. Ke3 Nd5+ 50. Kf3 Nc3 51. Nd4+ Kd5 52. Nb3 b4 53. Ke3 Ne4 54. Kd3
Nf2+ 55. Ke3 Ne4 56. Kd3 Nf2+ 57. Ke3 Nd1+ 58. Kd3 Nb2+ 59. Ke3 Nc4+ 60. Kd3
Na3 61. Ke3 Nb5 62. Na5 Nc7 63. Nb3 Ne6 64. Kf3 Kc4 65. Na5+ Kc3 66. Ke3 b3 67.
Nxb3 Kxb3 68. Kd3 Kb4 69. Ke3 Kc4 70. Kf3 Kd3 71. h5 Kd4 72. hxg6 hxg6 73. Kg3
Ke3 74. Kh4 Kxf4 75. Kh3 Kxg5 76. Kg3 f4+ 77. Kf3 Kf5 78. Kf2 Kxe5 79. Kf3 Kf5
80. Kf2 g5 81. Kf3 g4+ 82. Kf2 Ke4 83. Ke2 g3  0-1

[Event "1. OEsterreichische Internet Schach Meisterschaft - Vorrunde 1"]
[Site "Online - Playchess.com"]
[Date ""]
[Round "1"]
[Board "41"]
[White "Gugler, Giorgio"]
[Black "Kuecher, Wolfgang"]
[Result "0-1"]
[WhiteElo "1405"]
[BlackElo "2117"]
[PlyCount "130"]
[EventDate "2020.04.11"]
[EventRounds "9"]
[EventCountry "AUT"]

1. e4 g6 2. Bc4 Bg7 3. Qf3 e6 4. c3 c6 5. d4 d5 6. exd5 exd5 7. Bd3 h6 8. Nh3
Nf6 9. O-O O-O 10. Nd2 Re8 11. b3 Nbd7 12. Ba3 Nf8 13. Rae1 Ne6 14. Re3 Bd7 15.
Rfe1 Qc7 16. g3 Nxd4 17. Rxe8+ Rxe8 18. Rxe8+ Nxe8 19. cxd4 Bxh3 20. g4 Qa5 21.
Bc1 Qxa2 22. Qxh3 Qa1 23. Nb1 Qxd4 24. Qe3 Qxg4+ 25. Kh1 Nf6 26. Be2 Qd7 27. h3
Ne4 28. Nc3 Nxf2+ 29. Qxf2 Qxh3+ 30. Qh2 Qxh2+ 31. Kxh2 Bxc3 32. Be3 g5 33.
Bxa7 Kg7 34. Bd3 Kf6 35. Bc5 Ke5 36. Kg3 f5 37. b4 h5 38. b5 h4+ 39. Kf3 g4+
40. Kg2 h3+ 41. Kg3 Kf6 42. bxc6 bxc6 43. Bb6 Be5+ 44. Kf2 g3+ 45. Kg1 f4 46.
Bd8+ Kf7 47. Bh4 c5 48. Be2 c4 49. Bh5+ Kg7 50. Bg4 h2+ 51. Kg2 d4 52. Bd8 d3
53. Ba5 c3 54. Bf5 d2 55. Bc2 f3+ 56. Kxf3 h1=Q+ 57. Ke3 g2 58. Bxc3 Bxc3 59.
Kd3 d1=Q+ 60. Kxc3 Qxc2+ 61. Kxc2 g1=Q 62. Kc3 Qh4 63. Kd3 Qgg3+ 64. Ke2 Qhh2+
65. Kd1 Qgg1#  0-1

[Event "1. OEsterreichische Internet Schach Meisterschaft - Vorrunde 1"]
[Site "Online - Playchess.com"]
[Date ""]
[Round "1"]
[Board "42"]
[White "Bachner, Karsten"]
[Black "Schloffer, Jasmin-Denise"]
[Result "1-0"]
[WhiteElo "1997"]
[BlackElo "2110"]
[PlyCount "97"]
[EventDate "2020.04.11"]
[EventRounds "9"]
[EventCountry "AUT"]

1. e4 e5 2. Nf3 Nc6 3. Bb5 a6 4. Ba4 Nf6 5. O-O Be7 6. Re1 b5 7. Bb3 d6 8. c3
O-O 9. h3 Na5 10. Bc2 c5 11. a4 Bd7 12. axb5 axb5 13. d3 Qc7 14. Nbd2 Nc6 15.
Rxa8 Rxa8 16. Nf1 b4 17. Ne3 h6 18. g4 Be6 19. Nf5 Bf8 20. Kh2 Re8 21. Rg1 d5
22. g5 hxg5 23. Nxg5 Bxf5 24. exf5 e4+ 25. Kh1 exd3 26. Qxd3 Ne5 27. Qg3 Qb7
28. Kh2 b3 29. Bb1 c4 30. Bf4 Nc6 31. Nf3 Re2 32. Bg5 Ne8 33. f6 g6 34. Be3
Nxf6 35. Nd4 Nxd4 36. Bxd4 Ne8 37. Bxg6 Bd6 38. Bh5+ Kh7 39. Bxe2 Bxg3+ 40.
Rxg3 Qc7 41. Kg2 Qf4 42. Bf3 Qf5 43. Bg4 Qe4+ 44. Kh2 Qc2 45. Rf3 Qxb2 46.
Rxf7+ Kh6 47. Re7 Nf6 48. Re6 Qd2 49. Be3+ {Jasey00 gibt auf}  1-0

[Event "1. OEsterreichische Internet Schach Meisterschaft - Vorrunde 1"]
[Site "Online - Playchess.com"]
[Date ""]
[Round "1"]
[Board "43"]
[White "Moritz, Christian"]
[Black "Hofer, Maximilian"]
[Result "1-0"]
[WhiteElo "2077"]
[BlackElo "2108"]
[PlyCount "79"]
[EventDate "2020.04.11"]
[EventRounds "9"]
[EventCountry "AUT"]

1. d4 Nf6 2. Nf3 g6 3. c4 Bg7 4. Nc3 O-O 5. e4 d6 6. Be2 e5 7. O-O Nc6 8. d5
Ne7 9. Ne1 Nd7 10. f3 a5 11. Be3 b6 12. Nd3 f5 13. g4 Nf6 14. a3 Qd7 15. h3 h5
16. g5 Nh7 17. h4 f4 18. Bd2 Qh3 19. Qe1 Ba6 20. b3 Rab8 21. Qf2 b5 22. cxb5
Bxb5 23. Nxb5 Rxb5 24. b4 Rbb8 25. Qh2 Qd7 26. Rfb1 axb4 27. Nxb4 Qa4 28. Bd1
Qa7+ 29. Qf2 Qa8 30. Bc2 Rb6 31. a4 Rfb8 32. a5 Rb5 33. a6 c5 34. dxc6 Nxc6 35.
Nxc6 Rxb1+ 36. Rxb1 Rxb1+ 37. Bxb1 Qxc6 38. a7 Qa8 39. Ba2+ Kh8 40. Bd5 {
Malphax gibt auf}  1-0

[Event "1. OEsterreichische Internet Schach Meisterschaft - Vorrunde 1"]
[Site "Online - Playchess.com"]
[Date ""]
[Round "1"]
[Board "46"]
[White "Iro, Christian"]
[Black "Orgler, Philipp"]
[Result "1/2-1/2"]
[WhiteElo "2081"]
[BlackElo "2053"]
[PlyCount "144"]
[EventDate "2020.04.11"]
[EventRounds "9"]
[EventCountry "AUT"]

1. e4 e6 2. d4 b6 3. Nc3 Bb7 4. Nf3 Bb4 5. Bd3 Nf6 6. Qe2 d5 7. exd5 Nxd5 8.
Bd2 Nxc3 9. bxc3 Be7 10. O-O O-O 11. a4 c5 12. Rfe1 cxd4 13. cxd4 Nc6 14. c3
Rc8 15. Be4 Qc7 16. Ng5 Bxg5 17. Bxg5 Na5 18. Rac1 Nc4 19. Qh5 g6 20. Qh6 f6
21. Bf4 Qf7 22. Bxb7 Qxb7 23. Rxe6 Qg7 24. Qxg7+ Kxg7 25. Re7+ Rf7 26. Rce1 Nb2
27. d5 Nd3 28. R1e4 Nxf4 29. Rxf7+ Kxf7 30. Rxf4 Rxc3 31. g3 Rd3 32. Rh4 h5 33.
Rc4 Rxd5 34. Rc7+ Ke6 35. Rxa7 Ra5 36. Rb7 Rxa4 37. Rxb6+ Kf5 38. Kg2 g5 39.
Rb5+ Kg6 40. h3 Ra6 41. Rc5 f5 42. Rc8 Kg7 43. Rc7+ Kf6 44. Rh7 Kg6 45. Rh8 g4
46. hxg4 hxg4 47. Rg8+ Kf6 48. Rh8 Ke5 49. Re8+ Re6 50. Rf8 Ke4 51. Rf7 Re5 52.
Rf8 Kd3 53. Rd8+ Ke2 54. Rf8 Ke1 55. Rf7 Ke2 56. Rf8 Kd3 57. Rd8+ Ke4 58. Rf8
Ra5 59. Re8+ Kd4 60. Rd8+ Rd5 61. Rf8 Kd3 62. Re8 Kd2 63. Rf8 Kd1 64. Re8 Kd2
65. Re7 Rc5 66. Rd7+ Ke1 67. Re7+ Kd1 68. Re8 Rd5 69. Rf8 Ke1 70. Re8+ Kd1 71.
Ra8 Ke1 72. Re8+ Kd1  1/2-1/2